Datum a čas kvízu
36
Celkem bodů
Celkový počet nahraných bodů na tomto kvízu bez doplňovacích otázek.
1.
Pořadí na kvízu
Konečné umístění týmu na tomto kvízu.
Zaznamenané odpovědi
| # | Otázka | Odpověď | Body | Výsledky |
|---|---|---|---|---|
| 1. | Policejní prezident Tomáš Tuhý... | 1 | ||
| 2. | Ruští vyšetřovatelé začali vyš... | 0 | ||
| 3. | Někteří rockoví dinosauři žijí... | 0 | ||
| 4. | Americká společnost IBM minulý... | 0 | ||
| 5. | Jedna z největších legend svéh... | 1 | ||
| 6. | Pokud jste na titulní otázku o... | 1 | ||
| 7. | Americký herec Tobin Bell byl... | 1 | ||
| 5. | Film Osvícení vznikl v roce 19... | 1 | ||
| 5. | Jak se jmenuje představitel hl... | 1 | ||
| 10. | Shaun je hospodský povaleč, co... | 0 |